000 00427nam a2200181Ia 4500
008 210210b1932 xxu||||| |||| 00| 0 eng d
041 _aeng
082 _a381/31
100 _aCLACK (Henry J)
245 _aAdvanced book keeping
260 _aLondon
_bSir Isaac Pitman & Sons Ltd.,
_c1932
300 _avii,368
650 _akeeping
650 _abook
650 _aAdvanced
690 _aAccountancy
906 _a005076
999 _c124849
_d124849